| 000 | 00659nam a2200217 a 4500 | ||
|---|---|---|---|
| 001 | 9613 | ||
| 003 | CO-ViMGA | ||
| 008 | 141112s2004 ck r 000 u spa d | ||
| 040 |
_aCO-ViMGA _bspa _cCO-ViMGA |
||
| 082 | 0 | 4 | _a348.023 N962 |
| 245 | 1 | 0 |
_aCodigo sustantivo del trabajo : _bley 50 de 1990 , ley 244 de 1995 |
| 260 |
_aSantafé de Bogotá : _bEditorial Unión Ltda, _c1996 |
||
| 300 | _a526p. | ||
| 650 | 1 | 4 |
_aCODIGO DE TRABAJO _911093 |
| 650 | 1 | 4 |
_aDECRETO 2663 DE 1950 _911094 |
| 650 | 1 | 4 |
_aDECRETO 3743 DE 1950 _911095 |
| 650 | 1 | 4 |
_aLEY 141 DE 1961 _911096 |
| 650 | 1 | 4 |
_aLEY 244 DE 1995 _911097 |
| 650 | 1 | 4 |
_aLEY 50 DE 1990 _949857 |
| 942 |
_2ddc _cBK |
||
| 999 |
_c21091 _d21091 |
||